LEADER 01981oam 2200421z- 450 001 9910141738003321 005 20200319130452.0 035 $a(CKB)2560000000289137 035 $a(BIP)041566027 035 $a(EXLCZ)992560000000289137 100 $a20180916c2012uuuu -u- - 101 0 $aita 200 13$aLa complessa tessitura di Penelope $edonne, vita e lavoro, teoria e pratica sul territorio : indagine sulle donne dell'entroterra pesarese /$fFatima Farina 205 $a1. ed. italiana. 210 $aNapoli$cLiguori Editore$d2012 215 $aviii, 208 p. ;$d24 cm 225 0 $aDomini 225 0 $aRapporti di ricerca ;$v19 311 $a88-207-5678-1 311 $a88-207-5679-X 320 $aIncludes bibliographical references. 330 8 $aQuesto volume solleva il sipario su una realta? tipica della Terza Italia, la provincia di Pesaro e Urbino, mettendo in luce potenzialita? e limiti di un territorio. All'analisi del contesto, si affiancano le voci delle donne che lo abitano, che narrano la loro esperienza di lavoratrici, di mogli e di madri: donne con e senza figli, con orientamenti tra loro differenti verso il lavoro, la vita in famiglia, la maternita?, accomunate dall'esperienza di un dissidio tra aspirazioni e realta? che pare incarnare la contraddizione di fondo di quest'area territoriale. 517 $aLa complessa tessitura di Penelope. Donne, vita e lavoro 517 $aLa complessa tessitura di Penelope 606 $aWomen$zItaly$zPesaro e Urbino (Province)$xSocial conditions$y21st century 606 $aGender mainstreaming$zItaly$zPesaro e Urbino (Province) 610 $aSociology 610 $aSocial science 615 0$aWomen$xSocial conditions 615 0$aGender mainstreaming 700 $aFarina$b Fatima$0497980 801 0$bItFiC 801 1$bItFiC 801 2$bDLC 906 $aBOOK 912 $a9910141738003321 996 $aLa complessa tessitura di Penelope$92879245 997 $aUNINA